| 000 | 02291nam a2200361 a 4500 | ||
|---|---|---|---|
| 001 | BRCA_3207 | ||
| 005 | 20190320204150.0 | ||
| 008 | 260209s1749----enka---###---#000-0#eng-# | ||
| 041 | _aeng | ||
| 044 | _aenk | ||
| 084 |
_a508 _b.T66 _c1749 |
||
| 100 | 1 |
_aCervantes Saavedra, Miguel de _d1547-1616 _9213 |
|
| 245 | 1 | 0 |
_aThe Life and Exploits of the Ingenious Gentleman Don Quixote de la Mancha _cTranslation from the Original Spanish of Miguel Cervantes de Saavedra and Charles Jarvis. |
| 250 | _a2 | ||
| 260 |
_aLondres _bJ. and R. Tonson and S. Draper _c1749 |
||
| 300 |
_a2 v. _bil. _c21 cm. _e2 postales (Don Quijote y Sancho y Dulcineda del Toboso) |
||
| 500 | _aContenido : v.1. Primera parte precedida de prefacio del traductor. Suplemento al prefacio anterior. Vida de Cervantes basada en la escrita por Mayáns y prólogo del autor. -- v.2. Segunda parte precedida de prólogo del autor. | ||
| 500 | _aEdición : Translated from the Original Spanish of Miguel Cervantes de Saavedra by Charles Jarvis. [The whole carefully revised and corrected, with a new Translation of the Poetical parts by another Hand | ||
| 500 | _aSegunda edición publicada por R. Tonson de la traducción de Jarvis, copia, pero en tamaño menor, de la primera que dio a la estampa el mismo editor, en 1742. Difiere de ella en que suprime la vida de Cervantes, escrita por Mayáns, substituyendo a ésta una sucinta noticia biográfica tomada de la misma obra. Es la cuarta traducción de Jarvis, puesto que la segunda y tercera se publicarón en Dublin y Londres, en 1747. Piel; lomeras decoradas con dorados Lúdovik Osterc | ||
| 500 | _aEstado físico : Dos fotos pegadas en las guardas y anotaciones manuscritas | ||
| 500 | _aCon ex-libris de : Marquess of Headfort | ||
| 500 | _aQM412 | ||
| 546 | _aTexto en : inglés | ||
| 650 | 1 | 4 |
_aNovela española _yÉpoca clásica, 1500-1700 _9215 |
| 650 | 1 | 4 |
_aLiteratura española _yÉpoca clásica, 1500-1700 _9216 |
| 650 | 1 | 4 |
_aNovela española _ySiglo XVII _9217 |
| 650 | 1 | 4 |
_aDon Quijote (Personaje ficticio) _eNovela _9218 |
| 700 | 1 |
_aMayáns I. Siscar, Gregorio _d1699-1781 _eBiógrafo _98589 |
|
| 700 | 1 |
_aJarvis, Charles _d?-1739 _eTraductor _98590 |
|
| 740 | 0 | _aEl Ingenioso Hidalgo Don Quijote de la Mancha | |
| 902 | _aQFM | ||
| 942 |
_2lcc _cB |
||
| 999 |
_c2943 _d2943 |
||